000 00509nam a2200193 a 4500
001 1770452608211
003 YourLibrary
005 20260207135624.0
008 260207s2005##################000#0#eng##
020 _a9780521530354
082 0 4 _a305.813
_bPOW
100 1 _aPowell, Joseph F.,
_eauthor.
245 1 0 _aThe First Americans :
260 _bCambridge University Press,
_c2005.
300 _a280 pages
650 0 _aSocial Science.
942 _cENGLISH
040 _aYourLibrary
_beng
_cYourLibrary
999 _c610868
_d610868